LEADER 00847nam0-22003011i-450- 001 990003296040403321 005 20001010 035 $a000329604 035 $aFED01000329604 035 $a(Aleph)000329604FED01 035 $a000329604 100 $a20000920d19932km-y0itay50------ba 101 0 $aita 102 $aIT 105 $ay-------001yy 200 1 $aImpresa e territorio$eContributi ad una geografia dell'impresa in Italia$fSalvatori, Franco 210 $aBologna$cPātron$d1993 215 $a270 p 610 0 $aImprese artigiane$aStrategie territoriali 676 $a050.007 700 1$aSalvatori,$bFranco$f<1948- >$0129338 801 0$aIT$bUNINA$gRICA$2UNIMARC 901 $aBK 912 $a990003296040403321 952 $a050.007.SAL$b4514$fDECGE 959 $aDECGE 996 $aImpresa e territorio$9446098 997 $aUNINA LEADER 02969nas 2200541 n 450 001 990008925000403321 005 20240229084533.0 011 $a0393-604X 035 $a000892500 035 $aFED01000892500 035 $a(Aleph)000892500FED01 035 $a000892500 091 $2CNR$aP 00048581 100 $a20161109b19831985km-y0itaa50------ba 101 0 $aita 102 $aIT 110 $aauu-------- 200 1 $aBollettino statistico. Servizio Studi. Banca d'Italia 207 1$a1983-1985 210 $aRoma$cBanca d'Italia 326 $aTrimestrale 421 0$1001000906439$12001$aSupplemento al Bollettino. Banca d'Italia 430 0$1001000892588$12001$aBollettino. Servizio Studi. Banca d'Italia 440 0$1001000892497$12001$aBollettino statistico. Banca d'Italia 530 0 $aBollettino statistico. Servizio Studi. Banca d'Italia 675 $a338 675 $a336.711 675 $a336.7 712 02$aBanca d'Italia.$bServizio studi 801 0$aIT$bACNP$c20090723 859 4 $uhttp://acnp.cib.unibo.it/cgi-ser/start/it/cnr/dc-p1.tcl?catno=32565&person=false&language=ITALIANO&libr=&libr_th=unina1$zBiblioteche che possiedono il periodico 901 $aSE 912 $a990008925000403321 958 $aBiblioteca. Dipartimento di Economia dell'Universitā Federico II - Sez. II$b1983-1985.$d1983 n.3/4-1985 n.1/2.$eStanza 8$fSES 958 $aBiblioteca. Dipartimento di Economia Aziendale dell'Universitā Federico II$b1983-1985.$fECA 958 $aBiblioteca della Facoltā di Economia Complesso Universitario Monte S. Angelo- Universitā degli Studi di Napoli "Federico II"$b1985.$fDECBC 958 $aBiblioteca del Dipartimento di Economia e Politica Agraria. Universitā degli Studi Federico II di Napoli$b1983;$fDAGEA 959 $aSES 959 $aECA 959 $aDECBC 959 $aDAGEA 996 $aBollettino statistico. Servizio Studi. Banca d'Italia$9798981 997 $aUNINA AP1 8 $6866-01$aNA037 Biblioteca. Dipartimento di Economia dell'Universitā Federico II - Sez. II$bStanza 8$eVia Cinthia, 45 - Monte S. Angelo, 80126 Napoli (NA)$m(081) 675016/675025$m081/675014$nit AP1 8 $6866-02$aNA040 Biblioteca. Dipartimento di Economia Aziendale dell'Universitā Federico II$ev. Cintia, 80126 Napoli (NA)$m081675089/91/92$m081675091$nit AP1 8 $6866-03$aNA042 Biblioteca della Facoltā di Economia Complesso Universitario Monte S. Angelo- Universitā degli Studi di Napoli "Federico II"$evia Cinthia,26, 80126 Napoli (NA)$m081676647-0816782$m081676684$nit AP1 8 $6866-04$aNA220 Biblioteca del Dipartimento di Economia e Politica Agraria. Universitā degli Studi Federico II di Napoli$eVia Universitā, 96, 80055 Portici (NA)$m081/2539113$m081/7755143$nit AP2 40$aacnp.cib.unibo.it$nACNP Italian Union Catalogue of Serials$uhttp://acnp.cib.unibo.it/cgi-ser/start/it/cnr/df-p.tcl?catno=32565&language=ITALIANO&libr=&person=&B=1&libr_th=unina&proposto=NO